00539 2200205 4500245007500000020001600075250001100091100002300102700002300125700001000148700002500158700001600183650001900199005001900218260003700237041001400274084000800288300002800296336000900324 aManajemen Strategis dan Kebijakan PerusahaancJauch, Lawrence R.hText a54-10-090-3 aCet. 7 aJauch, Lawrence R. aGlueck, William F. aMurad aAR. Henry Sitanggang aAgus Dharma aManajemen Umum a20230207112115 aJakartabPenerbit Erlanggac1999 aIndonesia a658 axii, 461 hlm. :c24 cm. atext